Library Banner

Intermediate accounting (Record no. 20995)

MARC details
000 -LEADER
fixed length control field 00490nam a2200193Ia 4500
001 - CONTROL NUMBER
control field 20657
008 - FIXED-LENGTH DATA ELEMENTS--GENERAL INFORMATION
fixed length control field 140408s9999 xx 000 0 und d
040 ## - CATALOGING SOURCE
Transcribing agency PK-LaUMT
082 ## - DEWEY DECIMAL CLASSIFICATION NUMBER
Classification number 657.044
Item number KIE-I
100 ## - MAIN ENTRY--PERSONAL NAME
Personal name Donald E. Kieso
245 ## - TITLE STATEMENT
Title Intermediate accounting
Statement of responsibility, etc Donald E. Kieso<>Jerry J. Weygandt
250 ## - EDITION STATEMENT
Edition statement 8th
260 ## - PUBLICATION, DISTRIBUTION, ETC. (IMPRINT)
Place of publication, distribution, etc New York,USA:
Name of publisher, distributor, etc John Wiley & Sons,
Date of publication, distribution, etc 1995
300 ## - PHYSICAL DESCRIPTION
Extent 1412 p.
546 ## - LANGUAGE NOTE
Language note EN
650 ## - SUBJECT ADDED ENTRY--TOPICAL TERM
Topical term or geographic name as entry element Accounting
700 ## - ADDED ENTRY--PERSONAL NAME
Personal name Jerry J. Weygandt
942 ## - ADDED ENTRY ELEMENTS (KOHA)
Koha item type Books
Holdings
Withdrawn status Lost status Damaged status Not for loan Home library Current library Date acquired Total Checkouts Full call number Barcode Date last seen Date checked out Price effective from Koha item type
        UMT Main Campus UMT Main Campus 2014-04-08 2 657.044 KIE-I 15374 2023-01-12 2022-12-27 2014-04-23 Books